000 00449nam a2200157 i 4500
001 100934
003 ES-MaACL
005 20230906182806.0
007 t|
008 051006s1935 gw ||||1| ger d
100 1 _aMatschoss, Conrad.
_979099
245 1 0 _aVom werden der Wanderer Werke /
_cConrad Matschoss.
260 _aBerlin :
_bVDI-Verlag,
_c1935.
300 _a3 h., 183 p. con 282 lám. ;
_c30 cm.
852 _aES-MaACL
_jF-15578
_bR.19186
999 _c100934
_d100934